000 00444nam a2200121 a 4500
008 120416s9999 xx |||||||||||||| || u
050 _aTS 320 Sch
100 _aSchrewe, Hans F
245 1 0 _aContinuous casting of steel
246 _afundamental principles and practice
350 _a0.00
995 _D0.00
_FCBU-MAIN LIBRARY (Kitwe)
_H1
_I130.00
_UAVAILABLE
_ZMain Library Open Access Collection
999 _c38671
_d38671